[Event "ch-Moscow Superfinal w 2014"]
[Site "Moscow RUS"]
[Date "2014.01.31"]
[Round "6.4"]
[White "Kashlinskaya, Alina"]
[Black "Mirzoeva, Elmira"]
[Result "0-1"]
[WhiteTitle "WGM"]
[BlackTitle "WGM"]
[WhiteElo "2437"]
[BlackElo "2235"]
[WhiteFideId "4198026"]
[BlackFideId "4127951"]
[EventDate "2014.01.30"]

1. d4 d5 2. c4 c6 3. Nc3 Nf6 4. Nf3 dxc4 5. a4 Bf5 6. e3 e6 7. Bxc4 Bb4 8. O-O
Nbd7 9. Qe2 O-O 10. e4 Bg6 11. Bd3 c5 12. e5 cxd4 13. exf6 dxc3 14. fxg7 Kxg7
15. Rd1 Qc7 16. Bxg6 hxg6 17. Qb5 Bd6 18. bxc3 Ne5 19. Ng5 a6 20. Qe2 Qc4 21.
Qxc4 Nxc4 22. Ne4 Be7 23. Rd7 Rfd8 24. Bh6+ Kxh6 25. Rxe7 f5 26. Nc5 b5 27. Nxe6
Re8 28. Rxe8 Rxe8 29. Nc5 bxa4 30. Nxa4 Re2 31. g3 g5 32. Rb1 g4 33. Nc5 a5 34.
Nd3 Rc2 35. Re1 Rxc3 36. Nf4 Nd2 37. Re6+ Kh7 38. Re7+ Kg8 39. h3 a4 40. hxg4
fxg4 41. Kg2 a3 42. Nd5 a2 43. Ra7 Rc2 44. Ne3 Rb2 45. Nxg4 Nb3 46. Nf6+ Kf8 47.
Rd7 Rxf2+ 48. Kxf2 a1=Q 49. Ne4 Qe5 50. Ke3 Nc5 51. Rd4 Nxe4 52. Rxe4 Qxg3+ 53.
Kd4 Kf7 54. Re3 Qd6+ 55. Kc3 Qc5+ 56. Kd3 Kf6 57. Re4 Kf5 58. Re3 Kf4 59. Re4+
Kf3 60. Rd4 Qb5+ 61. Rc4 Qd5+ 62. Kc3 Ke3 63. Rb4 Qc5+ 64. Kb3 Kd3 65. Ka4 Kc2
66. Rb5 Qa7+ 67. Kb4 Kd3 68. Rd5+ Ke4 69. Ra5 Qd4+ 70. Kb3 Kd3 71. Ra2 Qb6+ 72.
Ka4 Kc3 73. Ra3+ Kb2 74. Rh3 Qc6+ 75. Ka5 Qd5+ 76. Kb4 Qd4+ 77. Kb5 0-1

[Event "ch-Moscow Superfinal w 2014"]
[Site "Moscow RUS"]
[Date "2014.01.31"]
[Round "6.5"]
[White "Kovalevskaya, Ekaterina"]
[Black "Gvantseladze, Anna"]
[Result "1/2-1/2"]
[WhiteTitle "IM"]
[WhiteElo "2424"]
[BlackElo "1978"]
[WhiteFideId "4116704"]
[BlackFideId "24144479"]
[EventDate "2014.01.30"]

1. Nf3 Nf6 2. g3 d5 3. Bg2 c6 4. O-O Bf5 5. d3 h6 6. Nbd2 e6 7. b3 Be7 8. Bb2
O-O 9. Ne5 Nbd7 10. e4 Bh7 11. Qe2 Nxe5 12. Bxe5 Nd7 13. Bb2 a5 14. a4 Re8 15.
e5 b5 16. Nf3 bxa4 17. Rxa4 Nb6 18. Ra2 a4 19. bxa4 Rxa4 20. Rfa1 Rxa2 21. Rxa2
Qc7 22. Qe1 Ra8 23. Rxa8+ Nxa8 24. Qa1 Qb7 25. h4 Bg6 26. Bd4 c5 27. Be3 Nb6 28.
Kh2 Nd7 29. Bf4 Qc7 30. Qb2 Bh5 31. c4 dxc4 32. dxc4 Bxf3 33. Bxf3 g5 34. hxg5
hxg5 35. Be3 Nxe5 36. Be2 f6 37. Qb5 Qd7 38. Qb8+ Kg7 39. Qb6 Qc6 40. Qa7 Qd7
41. Bxc5 Bxc5 42. Qxc5 Qd2 43. Qe3 Qxe3 44. fxe3 Kf7 45. Kg2 Ke7 46. c5 Kd7 47.
Bb5+ Kc7 48. e4 Nd7 49. c6 Ne5 50. Kf2 Nxc6 51. Bc4 Kd6 52. Ke3 Ke5 53. Bb3 Nd8
54. Bd1 Nb7 55. Bb3 Nd6 56. Bc2 Nc4+ 57. Kd3 Nb6 58. Ke3 Nd7 59. Bb3 Nc5 60. Bc2
f5 61. exf5 exf5 62. Kf3 g4+ 63. Kg2 Ne4 64. Ba4 Nd6 65. Bd7 Ke4 66. Kf2 Nf7 67.
Bc6+ Kd4 68. Bd7 Ke5 69. Bc8 Nd6 70. Bd7 Ne4+ 71. Kg2 Nc5 72. Be8 Ne6 73. Bd7
Nf8 74. Bc8 Ne6 75. Bd7 Nc5 76. Be8 Ke4 77. Kf2 Kd4 78. Bg6 Ne4+ 79. Kg2 Nd6 80.
Kf2 Ke5 81. Bh7 Kf6 82. Bg8 Nf7 83. Ke3 Kg7 84. Bxf7 Kxf7 85. Kd3 Kf6 86. Kd2
Ke6 87. Ke2 Kd5 88. Kd3 Ke5 89. Ke3 Ke6 90. Ke2 Kf7 91. Kd3 Kf6 92. Kd2 Ke7 93.
Ke3 Ke6 94. Ke2 Kd6 95. Kd2 Kd5 96. Kd3 Kc5 97. Ke3 Kd5 1/2-1/2

[Event "ch-Moscow Superfinal w 2014"]
[Site "Moscow RUS"]
[Date "2014.01.31"]
[Round "7.1"]
[White "Gvantseladze, Anna"]
[Black "Gunina, Valentina"]
[Result "0-1"]
[BlackTitle "GM"]
[WhiteElo "1978"]
[BlackElo "2503"]
[WhiteFideId "24144479"]
[BlackFideId "4167570"]
[EventDate "2014.01.30"]

1. d4 d5 2. c4 e6 3. Nc3 c6 4. cxd5 exd5 5. Nf3 Bf5 6. Bf4 Nf6 7. e3 Qb6 8. Qb3
Qxb3 9. axb3 Nbd7 10. Be2 Bb4 11. O-O O-O 12. h3 Rfe8 13. g4 Bg6 14. Nh4 Bc2 15.
Na2 Be7 16. b4 Ne4 17. Nf3 a6 18. Kg2 Nb6 19. g5 Bb3 20. h4 Bxa2 21. Rxa2 Bxb4
22. h5 Nd7 23. Bd3 c5 24. Rg1 c4 25. Bc2 Re6 26. Ba4 Nf8 27. Ne5 Be7 28. Kf1
Bxg5 29. Bxg5 Nxg5 30. Nxc4 Nh3 31. Rg3 Nxf2 32. Kxf2 dxc4 33. Rg5 h6 34. Rc5
Rd8 35. Bd1 b5 36. Bf3 Nh7 37. Bb7 Ng5 38. Rc7 Rde8 39. Ra3 b4 40. Rxa6 Rxe3 41.
Rxc4 Re2+ 42. Kg3 R8e3+ 43. Kf4 Nh3+ 44. Kg4 Nf2+ 45. Kf4 Nd3+ 46. Kg4 f5+ 47.
Kxf5 Rf2+ 48. Kg4 Rf4# 0-1

[Event "ch-Moscow Superfinal w 2014"]
[Site "Moscow RUS"]
[Date "2014.01.31"]
[Round "7.2"]
[White "Mirzoeva, Elmira"]
[Black "Kovalevskaya, Ekaterina"]
[Result "0-1"]
[WhiteTitle "WGM"]
[BlackTitle "IM"]
[WhiteElo "2235"]
[BlackElo "2424"]
[WhiteFideId "4127951"]
[BlackFideId "4116704"]
[EventDate "2014.01.30"]

1. d4 Nf6 2. c4 c5 3. d5 b5 4. cxb5 a6 5. e3 g6 6. Nc3 Bg7 7. a4 O-O 8. Nf3 Bb7
9. Ra3 e6 10. dxe6 fxe6 11. Be2 d5 12. O-O axb5 13. Nxb5 Nc6 14. b3 Ne4 15. Nd2
Ng5 16. Qc2 Qe7 17. Bb2 Nb4 18. Qb1 e5 19. h4 Ne6 20. h5 gxh5 21. Bxh5 Qg5 22.
Bf3 Rad8 23. Ra1 Rf6 24. g3 Rh6 25. Kg2 e4 26. Be2 d4 27. Nxe4 dxe3 28. Bxg7
Qxg7 29. Bf3 Nf4+ 30. Kg1 exf2+ 31. Kxf2 Rh2+ 32. Kg1 Bxe4 33. Kxh2 Bxb1 34.
Raxb1 Rd2+ 0-1

[Event "ch-Moscow Superfinal w 2014"]
[Site "Moscow RUS"]
[Date "2014.01.31"]
[Round "7.4"]
[White "Girya, Olga"]
[Black "Vasilevich, Irina"]
[Result "1/2-1/2"]
[WhiteTitle "WGM"]
[BlackTitle "IM"]
[WhiteElo "2438"]
[BlackElo "2365"]
[WhiteFideId "4195752"]
[BlackFideId "4141296"]
[EventDate "2014.01.30"]

1. d4 d5 2. Nf3 e6 3. c4 Nd7 4. Nc3 Ngf6 5. cxd5 exd5 6. Bg5 c6 7. e3 Be7 8. Qc2
Nh5 9. Bxe7 Qxe7 10. O-O-O Nb6 11. Bd3 Be6 12. Kb1 O-O-O 13. Nd2 Kb8 14. Nb3 Nf6
15. Rhe1 Ne8 16. Nc5 Nd6 17. Ka1 g6 18. f3 f5 19. h3 Bc8 20. Qf2 Rhe8 21. Re2
Ka8 22. Rde1 Qf6 23. h4 Re7 24. Qg3 Rde8 25. Qf4 Ndc4 26. b3 Nd6 27. Kb2 Nf7 28.
a4 Nd7 29. Nxd7 Bxd7 30. a5 Qd6 31. Qxd6 Nxd6 32. g3 Kb8 33. Na4 Kc7 34. Kc2 b6
35. axb6+ axb6 36. Kd2 Ra8 37. Rc1 Ra5 38. Rh2 h5 39. Rhh1 Re8 40. Rc2 Kb7 41.
Rb1 Rc8 42. Rbb2 Rca8 43. Nc3 Be6 44. Ra2 Rxa2 45. Rxa2 Rxa2+ 46. Nxa2 c5 47.
dxc5 bxc5 48. Nc1 Kb6 49. Ne2 Bf7 50. Kc3 c4 51. Bc2 Nb5+ 52. Kb4 Nc7 53. Nd4
Na6+ 54. Kc3 Kc5 55. Bd1 Nb4 56. Be2 Na2+ 57. Kb2 Nb4 58. Kc3 Na2+ 59. Kb2 Nb4
60. Kc3 Na2+ 61. Kb2 Nb4 62. Kc3 Na2+ 63. Kb2 Nb4 1/2-1/2

[Event "ch-Moscow Superfinal w 2014"]
[Site "Moscow RUS"]
[Date "2014.01.31"]
[Round "7.5"]
[White "Drozdova, Dina"]
[Black "Charochkina, Daria"]
[Result "0-1"]
[WhiteTitle "WIM"]
[BlackTitle "WGM"]
[WhiteElo "2241"]
[BlackElo "2359"]
[WhiteFideId "4170695"]
[BlackFideId "4180917"]
[EventDate "2014.01.30"]

1. d4 Nf6 2. c4 e6 3. Nf3 Bb4+ 4. Bd2 Qe7 5. g3 Bxd2+ 6. Qxd2 Nc6 7. Nc3 d5 8.
cxd5 exd5 9. Bg2 Bf5 10. O-O O-O 11. Rac1 Be4 12. Rfd1 Rfe8 13. b3 Rad8 14. Qf4
h6 15. Na4 Qa3 16. Qd2 Bg6 17. Kf1 Ne4 18. Qb2 Qb4 19. Nc5 a5 20. Nd3 Qb6 21.
Nde5 Nxe5 22. Nxe5 Rxe5 0-1

[Event "ch-Moscow Superfinal w 2014"]
[Site "Moscow RUS"]
[Date "2014.01.31"]
[Round "8.1"]
[White "Gunina, Valentina"]
[Black "Charochkina, Daria"]
[Result "0-1"]
[WhiteTitle "GM"]
[BlackTitle "WGM"]
[WhiteElo "2503"]
[BlackElo "2359"]
[WhiteFideId "4167570"]
[BlackFideId "4180917"]
[EventDate "2014.01.30"]

1. Nf3 d5 2. g3 Bg4 3. Bg2 Nd7 4. d4 Ngf6 5. Nbd2 e6 6. O-O Bd6 7. c4 c6 8. b3
O-O 9. Bb2 a5 10. Ne5 Bh5 11. Re1 a4 12. c5 a3 13. Bc3 Bxe5 14. dxe5 Ne8 15. Qc1
Nc7 16. b4 b6 17. cxb6 Nxb6 18. Bd4 Nb5 19. Bc5 Re8 20. e4 Na4 21. exd5 exd5 22.
Nb3 Nb2 23. Bf1 d4 24. Qd2 d3 25. Rac1 Qd5 26. Qg5 Bg6 27. Bg2 Qe6 28. h4 h6 29.
Qf4 Rad8 30. Nd2 Rc8 31. Kh2 Qxa2 32. e6 fxe6 33. Ra1 e5 34. Qg4 Qf7 35. Be4 Bh5
36. Qf5 Qxf5 37. Bxf5 Rc7 38. Re3 Rf7 39. g4 Bxg4 40. Bxg4 Rxf2+ 41. Kg3 Rxd2
42. Bd7 Rd8 43. Bxc6 Nd4 44. Rxe5 Nxc6 45. Re4 Rc2 46. Be3 d2 47. Bxd2 Rcxd2 48.
Rxa3 R2d3+ 49. Rxd3 Rxd3+ 50. Kg2 Rb3 0-1

[Event "ch-Moscow Superfinal w 2014"]
[Site "Moscow RUS"]
[Date "2014.01.31"]
[Round "8.2"]
[White "Vasilevich, Irina"]
[Black "Drozdova, Dina"]
[Result "1/2-1/2"]
[WhiteTitle "IM"]
[BlackTitle "WIM"]
[WhiteElo "2365"]
[BlackElo "2241"]
[WhiteFideId "4141296"]
[BlackFideId "4170695"]
[EventDate "2014.01.30"]

1. c4 e5 2. g3 Nc6 3. Bg2 Nf6 4. Nc3 Bb4 5. Nd5 Bc5 6. e3 d6 7. a3 Nxd5 8. cxd5
Ne7 9. Ne2 Bb6 10. O-O O-O 11. b4 f5 12. Bb2 Qe8 13. Qb3 Kh8 14. a4 a5 15. b5
Qh5 16. Rae1 Bd7 17. Kh1 Rae8 18. d3 Ng6 19. Qc3 Qh6 20. f4 Re7 21. Qc1 Rfe8 22.
e4 exf4 23. Nxf4 Nxf4 24. Rxf4 Kg8 25. Ref1 Rf7 26. d4 Rfe7 27. e5 dxe5 28. dxe5
Rxe5 29. Bxe5 Rxe5 30. Re1 Qd6 31. Rff1 Rxe1 32. Rxe1 Bd4 33. Qd2 Bc5 34. Qxa5
Kf7 35. Qa8 Bb4 36. Rc1 Ba3 37. Rf1 b6 38. a5 bxa5 39. Qxa5 Bc5 40. Qa4 Be3 41.
Qh4 h6 42. Re1 Qc5 43. Qh5+ g6 44. Qe2 Bd4 45. Rd1 Bxb5 46. Qe6+ Kg7 47. Re1 Bf6
48. Rb1 Bd3 49. Qd7+ Qe7 50. Qxe7+ Bxe7 51. Rd1 Bb5 52. Rc1 Bd6 53. Kg1 Kf6 54.
Kf2 f4 55. Re1 Bd7 56. Be4 g5 57. gxf4 Bxf4 58. Kg2 h5 59. Rf1 h4 60. h3 Ke5 61.
Bf3 Bg3 62. Rc1 Kf6 63. Rc4 Bf4 64. Rb4 Bf5 65. Ra4 Bd6 66. Be4 Bd7 67. Ra8 Ke5
68. Bf3 Kf6 69. Rd8 Bb5 70. Bg4 Bd3 71. Re8 Bc4 72. Re6+ Kg7 73. Bf3 Bf4 74. Be4
Bb5 75. Kf3 Kf8 76. Rf6+ Kg7 77. Rg6+ Kf7 78. Bf5 Ba4 79. Ra6 Bd1+ 80. Kf2 Ke7
81. Re6+ Kf7 82. Re4 Kf6 83. Be6 Bc2 84. Rc4 Bd3 85. Rc3 Bb5 86. Kf3 Ba4 87. Rd3
Bc2 88. Rd4 Ke5 89. Rc4 Bd1+ 90. Kf2 Kf6 91. Rc6 Ba4 92. Ra6 Bb5 93. Ra5 Bd3 94.
Kf3 Bc2 95. Ra1 Bd3 96. Re1 Bb5 97. Ke4 c6 98. Rb1 cxd5+ 99. Bxd5 Bd7 100. Rb6+
Ke7 101. Rb7 Kd6 102. Rb6+ 1/2-1/2

[Event "ch-Moscow Superfinal w 2014"]
[Site "Moscow RUS"]
[Date "2014.01.31"]
[Round "8.3"]
[White "Kashlinskaya, Alina"]
[Black "Girya, Olga"]
[Result "0-1"]
[WhiteTitle "WGM"]
[BlackTitle "WGM"]
[WhiteElo "2437"]
[BlackElo "2438"]
[WhiteFideId "4198026"]
[BlackFideId "4195752"]
[EventDate "2014.01.30"]

1. d4 d5 2. c4 c6 3. Nc3 Nf6 4. Nf3 dxc4 5. a4 Bf5 6. e3 e6 7. Bxc4 Bb4 8. O-O
Nbd7 9. Qe2 Bg4 10. e4 Nb6 11. Bb3 Bxf3 12. Qxf3 Qxd4 13. Rd1 Qe5 14. Bf4 Qh5
15. Qg3 Qg6 16. Qf3 Bxc3 17. Qxc3 Nxe4 18. Qb4 Qf5 19. Be3 Nf6 20. a5 Nbd5 21.
Bxd5 Nxd5 22. Qxb7 O-O 23. Bxa7 Qg6 24. Bd4 Nf4 25. Qxc6 Ne2+ 26. Kh1 Nxd4 27.
Rxd4 Rxa5 28. Rad1 Qf6 29. h3 h6 30. Qb6 Raa8 31. R1d2 Ra1+ 32. Rd1 Raa8 33.
R1d2 Ra1+ 34. Rd1 Raa8 35. Rb4 Rfd8 36. Rxd8+ Rxd8 37. Qe3 Qf5 38. Rd4 Qb1+ 39.
Kh2 Rb8 40. Qe5 Rxb2 41. Rg4 g6 42. Rd4 Rb8 43. Rd7 Rc8 44. Qf6 Rf8 45. Qf4 Qb8
46. Rc7 h5 47. Kg3 Qb3+ 48. f3 Qb2 49. Qg5 Qd4 50. Qf4 Qd5 51. Ra7 Qc5 52. Rc7
Qd5 53. Ra7 Qc5 54. Rc7 Qd5 55. Ra7 e5 56. Qf6 Re8 57. Re7 Rxe7 58. Qxe7 Kg7 59.
Qg5 Qd4 60. h4 Qd6 61. Kh3 Qe6+ 62. Kg3 Qf6 63. Qe3 Qd6 64. Qc3 Qd4 65. Qc1 Kf6
66. Qc6+ Kg7 67. Qc1 Kh7 68. Qg5 Kg7 69. Qc1 Kf6 70. Qc6+ Ke7 71. Qc7+ Ke6 72.
Qc8+ Qd7 73. Qc4+ Qd5 74. Qc8+ Kf6 75. Qh8+ Ke7 76. Qh6 Qd6 77. Qg5+ Ke6 78. Kh3
Qd3 79. Qc1 Qd4 80. Qc8+ Kf6 81. Qc6+ Kg7 82. Qc1 Qf4 83. Qc3 Kh7 84. Qb3 e4 85.
fxe4 Qg4+ 86. Kh2 Qxh4+ 87. Kg1 Qf4 88. e5 Qd4+ 89. Kf1 Kg7 90. Qg3 Qd1+ 91. Kf2
Qd2+ 92. Kg1 g5 93. Kh2 Kg6 94. Qf3 Qf4+ 95. Qxf4 gxf4 96. Kh3 Kg5 97. Kh2 Kg4
98. Kg1 Kf5 99. Kf2 Kxe5 100. Kf3 Kf5 101. Kf2 Kg4 102. Kf1 Kg3 103. Kg1 f3 104.
Kh1 fxg2+ 105. Kg1 Kf3 0-1

[Event "ch-Moscow Superfinal w 2014"]
[Site "Moscow RUS"]
[Date "2014.01.31"]
[Round "8.5"]
[White "Gvantseladze, Anna"]
[Black "Mirzoeva, Elmira"]
[Result "0-1"]
[BlackTitle "WGM"]
[WhiteElo "1978"]
[BlackElo "2235"]
[WhiteFideId "24144479"]
[BlackFideId "4127951"]
[EventDate "2014.01.30"]

1. d4 d5 2. c4 c6 3. cxd5 cxd5 4. Nf3 Nc6 5. Nc3 Nf6 6. Bf4 a6 7. e3 Bg4 8. Rc1
Bxf3 9. Qxf3 e6 10. Bd3 Bd6 11. Bg5 h6 12. Bh4 Be7 13. O-O O-O 14. Bb1 Ne8 15.
Bg3 Rc8 16. Rfd1 f5 17. Qe2 Nd6 18. f3 Qb6 19. Bf2 Qa5 20. Be1 Qb6 21. Na4 Qb5
22. Qxb5 Nxb5 23. Nc5 Bxc5 24. Rxc5 Nd6 25. b3 Kf7 26. Rdc1 f4 27. Bf2 fxe3 28.
Bxe3 Ke7 29. Bf2 Kd7 30. Rd1 b6 31. Rcc1 Nb4 32. Kf1 Nb5 33. Rxc8 Rxc8 34. a3
Nxa3 35. Bg6 a5 36. f4 Rf8 37. g3 Nb5 38. Kg2 Nd6 39. Bb1 Rc8 40. Be1 Nc2 41.
Bf2 Ne4 42. Bg1 Rc3 43. Kh3 Nb4 44. Bxe4 dxe4 45. Re1 Rxb3 46. Rxe4 a4 47. d5
exd5 48. Re5 b5 49. Bd4 Nc6 50. Rh5 Nxd4 51. Rxd5+ Kc6 52. Rxd4 a3 53. Rd8 b4
54. Ra8 Rb2 55. f5 a2 56. Kg4 b3 57. Kh5 Rb1 0-1

[Event "ch-Moscow Superfinal w 2014"]
[Site "Moscow RUS"]
[Date "2014.01.31"]
[Round "9.1"]
[White "Mirzoeva, Elmira"]
[Black "Gunina, Valentina"]
[Result "1/2-1/2"]
[WhiteTitle "WGM"]
[BlackTitle "GM"]
[WhiteElo "2235"]
[BlackElo "2503"]
[WhiteFideId "4127951"]
[BlackFideId "4167570"]
[EventDate "2014.01.30"]

1. d4 d5 2. c4 e6 3. Nf3 Nf6 4. Nc3 c6 5. Bg5 Nbd7 6. cxd5 exd5 7. e3 Qa5 8. Bd3
Ne4 9. Qc2 Nxg5 10. Nxg5 h6 11. Nf3 Bd6 12. a3 Qd8 13. O-O O-O 14. b4 a6 15. Na4
Re8 16. Nc5 Nf6 17. Bf5 Re7 18. Bxc8 Rxc8 19. a4 Ne4 20. Ne1 Qc7 21. g3 f5 22.
Ned3 Nf6 23. Nf4 Ne4 24. Ng6 Ree8 25. f4 a5 26. Nxe4 Rxe4 27. bxa5 Qxa5 28. Qb3
Rce8 29. Ne5 Kh7 30. Ra2 Re7 31. Kh1 Bb4 32. Qd1 Bd6 33. Qb3 Qa6 34. Rg1 Qa7 35.
Rag2 Bxe5 36. fxe5 c5 37. Qxd5 cxd4 38. exd4 Rxd4 39. Qb5 Qxa4 40. Qxa4 Rxa4 41.
Rb1 Re4 42. Rgb2 R4xe5 43. Rxb7 Rxb7 44. Rxb7 Re2 45. Rb6 Rd2 46. Kg1 Ra2 47.
Rc6 g5 48. Rb6 Kg7 49. Rc6 Re2 50. Ra6 Rb2 51. Rc6 h5 52. Ra6 Rb4 53. Kg2 h4 54.
Rc6 Re4 55. Ra6 Kf7 56. Rb6 hxg3 57. hxg3 Re6 58. Rb5 Kg6 59. Kf3 Ra6 60. Rc5
Ra3+ 61. Kg2 Rb3 62. Ra5 Rd3 63. Rb5 Kf6 64. Ra5 Rd4 65. Rb5 Ke6 66. Kf3 Rd3+
67. Kg2 Rd5 68. Rb3 Ke5 69. Kf3 Ra5 70. Ke3 Kd5 71. Rc3 Ra2 72. Rb3 g4 73. Kf4
Rf2+ 74. Kg5 Rf3 75. Rb5+ Ke4 76. Kh4 Ke3 77. Rb3+ Kf2 78. Rb2+ Kg1 79. Rc2 Rf2
80. Rc1+ Kg2 81. Rc3 Ra2 82. Rc5 Rf2 83. Rc3 Kh2 84. Rb3 Kg1 85. Rb1+ Kg2 86.
Rb3 Rf3 87. Rb2+ Kf1 88. Ra2 Rf2 89. Ra1+ Ke2 90. Ra2+ Kf3 91. Ra3+ Kg2 92. Rb3
Rf1 93. Rb2+ Kf3 94. Rb3+ Ke4 95. Rb4+ Ke3 96. Rb3+ Kd4 97. Rb4+ Kd3 98. Rb3+
Kc4 99. Ra3 Rf3 100. Ra4+ Kb3 101. Rd4 Kc2 102. Rd5 Kc3 103. Kg5 Rxg3 104. Rxf5
Rg1 105. Kf4 g3 106. Rg5 g2 107. Kf3 Kd3 1/2-1/2

[Event "ch-Moscow Superfinal w 2014"]
[Site "Moscow RUS"]
[Date "2014.01.31"]
[Round "9.3"]
[White "Girya, Olga"]
[Black "Kovalevskaya, Ekaterina"]
[Result "1-0"]
[WhiteTitle "WGM"]
[BlackTitle "IM"]
[WhiteElo "2438"]
[BlackElo "2424"]
[WhiteFideId "4195752"]
[BlackFideId "4116704"]
[EventDate "2014.01.30"]

1. d4 Nf6 2. c4 c5 3. d5 b5 4. Nd2 bxc4 5. e4 d6 6. Bxc4 g6 7. b3 Bg7 8. Bb2 O-O
9. Qc2 e6 10. dxe6 fxe6 11. e5 dxe5 12. Ngf3 Nc6 13. O-O Nd4 14. Bxd4 exd4 15.
Rae1 Kh8 16. Bxe6 Bxe6 17. Rxe6 Rc8 18. Rfe1 Nd5 19. Qc4 Rc7 20. h4 Nf4 21. R6e4
Rcf7 22. Ng5 Rf5 23. Ndf3 h6 24. Rxf4 Rxf4 25. Ne6 Qf6 26. Nxf4 Qxf4 27. Qxc5
Rf7 28. Qc2 Qd6 29. Qd3 Rf8 30. Re4 Rc8 31. g3 Rc3 32. Re8+ Kh7 33. Qe4 d3 34.
h5 Qc6 35. hxg6+ Qxg6 36. Qxg6+ Kxg6 37. Rd8 Bf6 38. Rd7 a5 39. Kg2 a4 40. bxa4
Ra3 41. Ne1 Rxa4 42. Nxd3 Rxa2 43. Nf4+ Kf5 44. Rd5+ Ke4 45. Rh5 Bg5 46. Nh3 Kf5
47. Ng1 Kg6 48. Rh1 Ra1 49. Rh2 Ra2 50. Nh3 Ra1 51. Ng1 Ra2 52. Nh3 Ra1 53. f4
Bf6 54. Nf2 Bd4 55. Kh3 Bxf2 56. Rxf2 h5 57. Rb2 Rh1+ 58. Kg2 Ra1 59. Rb6+ Kg7
60. Kh3 Rh1+ 61. Kg2 Ra1 62. Re6 Rb1 63. Kf3 Rb3+ 64. Re3 Rb4 65. Rc3 Ra4 66.
Rd3 Rb4 67. Re3 Ra4 68. Kg2 Ra1 69. Re2 Kg6 70. Kf3 Ra3+ 71. Re3 Ra4 72. Re6+
Kg7 73. Re5 Kg6 74. Rg5+ Kh6 75. Ke3 Rb4 76. Rg8 Ra4 77. f5 Kh7 78. Rg5 Kh6 79.
Rg6+ Kh7 80. Kf3 Rb4 81. Re6 Rb3+ 82. Kf4 Rb4+ 83. Re4 Rb8 84. Re7+ Kh6 85. Re6+
Kh7 86. Kg5 Rb3 87. Rh6+ Kg7 88. Rg6+ Kf7 89. Kxh5 Ra3 90. g4 Rh3+ 91. Kg5 Rh8
92. Rb6 Rg8+ 93. Kf4 Ra8 94. Rb7+ Kg8 95. Kg5 Ra6 96. f6 Ra4 97. Kf5 Rc4 98. g5
Rc5+ 99. Kg6 Rc8 100. Rg7+ Kf8 101. Rh7 1-0

[Event "ch-Moscow Superfinal w 2014"]
[Site "Moscow RUS"]
[Date "2014.01.31"]
[Round "9.4"]
[White "Drozdova, Dina"]
[Black "Kashlinskaya, Alina"]
[Result "0-1"]
[WhiteTitle "WIM"]
[BlackTitle "WGM"]
[WhiteElo "2241"]
[BlackElo "2437"]
[WhiteFideId "4170695"]
[BlackFideId "4198026"]
[EventDate "2014.01.30"]

1. d4 Nf6 2. c4 g6 3. Nc3 Bg7 4. e4 d6 5. h3 O-O 6. Be3 e5 7. d5 a5 8. Nf3 Na6
9. Nd2 Bd7 10. g4 c6 11. Qf3 Ne8 12. h4 Nc5 13. O-O-O Nf6 14. Rg1 Qc8 15. Be2
cxd5 16. cxd5 b5 17. Kb1 b4 18. Nb5 Qb8 19. Bxc5 dxc5 20. a4 bxa3 21. Nxa3 Qb4
22. Nc2 Qb7 23. Qa3 c4 24. g5 Ne8 25. Nxc4 Nc7 26. Nd6 Qb6 27. Ne3 Rfb8 28. Ndc4
Qa7 29. Nd2 Qd4 30. f3 Bf8 0-1

[Event "ch-Moscow Superfinal w 2014"]
[Site "Moscow RUS"]
[Date "2014.01.31"]
[Round "9.5"]
[White "Charochkina, Daria"]
[Black "Vasilevich, Irina"]
[Result "1/2-1/2"]
[WhiteTitle "WGM"]
[BlackTitle "IM"]
[WhiteElo "2359"]
[BlackElo "2365"]
[WhiteFideId "4180917"]
[BlackFideId "4141296"]
[EventDate "2014.01.30"]

1. c4 e6 2. Nc3 d5 3. d4 Nf6 4. cxd5 exd5 5. Bg5 c6 6. e3 Bf5 7. Bd3 Bxd3 8.
Qxd3 Nbd7 9. Nge2 Be7 10. O-O Nh5 11. Bxe7 Qxe7 12. f3 O-O 13. e4 Nb6 14. e5 g6
15. f4 c5 16. dxc5 Qxc5+ 17. Kh1 Ng7 18. Nd4 Rfe8 19. Ncb5 Nc4 20. b3 a6 21. Nc3
Nb6 22. Nce2 Rac8 23. Qd2 Qa3 24. Rac1 Ne6 25. Rxc8 Nxc8 26. f5 Nxd4 27. Qxd4
Qxa2 28. Nc3 Qb2 29. fxg6 hxg6 30. Qf4 Rf8 31. Nxd5 Qxb3 32. Nf6+ Kg7 33. Ng4
Rh8 34. Qf6+ Kg8 35. Rc1 Nb6 36. Qd8+ Kg7 37. Qf6+ Kg8 38. Qd8+ Kg7 39. Qf6+ Kg8
40. Qd8+ Kg7 41. Qf6+ Kg8 42. Qd8+ Kg7 43. Qf6+ Kg8 44. Qd8+ Kg7 45. Qf6+ Kg8
46. h3 Qe6 47. Qxe6 fxe6 48. Rc7 Nd5 49. Rxb7 Rh5 50. Ra7 Kf8 51. Rxa6 Kf7 52.
Ra7+ Kf8 53. Kh2 Rf5 54. Kg3 Nc3 55. Ra6 Ne2+ 56. Kh2 Nd4 57. Rd6 Rf4 58. Nf6
Kf7 59. Rd7+ Kf8 60. Rd8+ Kf7 61. Rd7+ Kf8 62. Rd8+ Kf7 63. Rd7+ Kf8 64. Rd6 Kf7
65. Rd7+ Kf8 66. Rd6 Kf7 67. Rd7+ Kf8 68. Nh7+ Kg8 69. Ng5 Rf5 70. h4 Nc6 71.
Nxe6 Nxe5 72. Re7 Rh5 73. g3 Rf5 74. Kg2 Kh8 75. Nd4 Rh5 76. Ne2 Nc4 77. Nf4 Rh6
78. Re6 Kg7 79. Re7+ Kf8 80. Rc7 Ne5 81. Rc5 Nd7 82. Rc7 Ke7 83. Rc6 Nf8 84. Kf3
Kf7 85. Rc7+ Kg8 86. Nd5 Ne6 87. Re7 g5 88. h5 Kf8 89. g4 Nc5 90. Re5 Ne6 91.
Ke4 Kf7 92. Rf5+ Kg7 93. Ke5 Kh8 94. Nf6 Nd8 95. Ne4 Nc6+ 96. Kd5 Ne7+ 97. Ke5
Nc6+ 98. Kd5 Ne7+ 99. Ke5 Nc6+ 1/2-1/2